[Event "Wch U18 Girls blitz"]
[Site "Batumi"]
[Date "2023.06.11"]
[Round "10"]
[White "Nguyen, Hong Nhung"]
[Black "Dolakidze, Mariam"]
[Result "1-0"]
[WhiteElo "1996"]
[BlackElo "1563"]
[PlyCount "51"]
[EventDate "2023.06.10"]
[EventType "swiss (blitz)"]
[EventRounds "11"]
[EventCountry "GEO"]
[SourceTitle "EXT 2024"]
[Source "ChessBase"]
[SourceDate "2023.10.10"]
[SourceVersion "1"]
[SourceVersionDate "2023.10.10"]
[SourceQuality "1"]
[WhiteTeam "Vietnam"]
[BlackTeam "Georgia"]
[WhiteTeamCountry "VIE"]
[BlackTeamCountry "GEO"]

1. e4 e6 2. d4 d5 3. Nc3 Nf6 4. Bg5 Be7 5. e5 Nfd7 6. h4 c5 7. Bxe7 Qxe7 8. Nb5 Na6 9. Nd6+ Kd8 10. Bxa6 bxa6 11. f4 c4 12. Qd2 Nb6 13. a4 Rb8 14. a5 Nd7 15. Qc3 Nf8 16. Nf3 h6 17. Ra4 Bd7 18. Rb4 Bb5 19. b3 cxb3 20. Qxb3 Qd7 21. Kf2 Ng6 22. Kg3 Ke7 23. Rb1 Rhd8 24. Qa3 Ra8 25. Rxb5 axb5 26. Nf5+ 1-0

[Event "Wch U18 Girls blitz"]
[Site "Batumi"]
[Date "2023.06.10"]
[Round "5"]
[White "Dolakidze, Mariam"]
[Black "Dvoeglazova, Daria"]
[Result "0-1"]
[WhiteElo "1563"]
[BlackElo "1500"]
[PlyCount "52"]
[EventDate "2023.06.10"]
[EventType "swiss (blitz)"]
[EventRounds "11"]
[EventCountry "GEO"]
[SourceTitle "EXT 2024"]
[Source "ChessBase"]
[SourceDate "2023.10.10"]
[SourceVersion "1"]
[SourceVersionDate "2023.10.10"]
[SourceQuality "1"]
[WhiteTeam "Georgia"]
[BlackTeam "Israel"]
[WhiteTeamCountry "GEO"]
[BlackTeamCountry "ISR"]

1. Nf3 d5 2. g3 Nf6 3. Bg2 Bf5 4. 0-0 e6 5. d4 c5 6. e3 Nc6 7. b3 cxd4 8. exd4 Be7 9. Bb2 0-0 10. Re1 Rc8 11. c3 b5 12. Nbd2 b4 13. c4 a5 14. Rc1 dxc4 15. Nxc4 Nd5 16. h3 Bf6 17. Nfe5 Nxe5 18. dxe5 Be7 19. Nxa5 Qxa5 20. Qd2 Rxc1 21. Rxc1 Rd8 22. Qe1 Qxa2 23. Bd4 Qxb3 24. Bxd5 Qxd5 25. Be3 b3 26. Rd1 Qxd1 0-1

[Event "Wch U18 Girls blitz"]
[Site "Batumi"]
[Date "2023.06.10"]
[Round "4"]
[White "Lomaia, Diana"]
[Black "Dolakidze, Mariam"]
[Result "1-0"]
[WhiteElo "1957"]
[BlackElo "1563"]
[PlyCount "103"]
[EventDate "2023.06.10"]
[EventType "swiss (blitz)"]
[EventRounds "11"]
[EventCountry "GEO"]
[SourceTitle "EXT 2024"]
[Source "ChessBase"]
[SourceDate "2023.10.10"]
[SourceVersion "1"]
[SourceVersionDate "2023.10.10"]
[SourceQuality "1"]
[WhiteTeam "Georgia"]
[BlackTeam "Georgia"]
[WhiteTeamCountry "GEO"]
[BlackTeamCountry "GEO"]

1. d4 e6 2. c4 f5 3. Nc3 Nf6 4. g3 d5 5. Bg2 c6 6. Nf3 Bd6 7. 0-0 0-0 8. b3 Bd7 9. Bb2 Be8 10. e3 Nbd7 11. Qc2 Ne4 12. Nd2 Ndf6 13. f3 Nxd2 14. Qxd2 Bb4 15. a3 Be7 16. Rad1 Bg6 17. Ne2 Qd7 18. Nf4 Bf7 19. Nd3 Bd6 20. Ne5 Qe7 21. b4 Bxe5 22. dxe5 Nd7 23. cxd5 cxd5 24. Rc1 Rac8 25. Bd4 b6 26. Qe2 Nb8 27. Bb2 Rc7 28. Rxc7 Qxc7 29. Rc1 Qd7 30. Qc2 Rd8 31. Bf1 Be8 32. b5 Kf8 33. Bc3 Kg8 34. Bb2 h6 35. Qc7 Kf8 36. a4 Qxc7 37. Rxc7 Rd7 38. Rc8 Rb7 39. Ba3+ Kf7 40. f4 Nd7 41. Kf2 Nf8 42. Be2 Nd7 43. Bh5+ g6 44. Bxg6+ Kxg6 45. Rxe8 Kf7 46. Re7+ Kg8 47. Rxe6 Nc5 48. Bxc5 bxc5 49. Rc6 c4 50. Rc5 Rd7 51. a5 Kf7 52. Rc6 1-0

[Event "GEO-ch (Women) 1st League 78th"]
[Site "Tbilisi"]
[Date "2021.03.24"]
[Round "7"]
[White "Dolakidze, Mariam"]
[Black "Gvatua, Mariam"]
[Result "1/2-1/2"]
[WhiteElo "1416"]
[BlackElo "1343"]
[PlyCount "64"]
[EventDate "2021.03.18"]
[EventType "swiss"]
[EventRounds "9"]
[EventCountry "GEO"]
[SourceTitle "CBM 201 Extra"]
[Source "ChessBase"]
[SourceDate "2021.05.31"]
[SourceVersion "1"]
[SourceVersionDate "2021.05.31"]
[SourceQuality "1"]

1. Nf3 d5 2. g3 Nc6 3. d4 Bg4 4. Bg2 Qd7 5. h3 Bxf3 6. Bxf3 0-0-0 7. e3 e5 8. dxe5 Nxe5 9. Bg2 Nf6 10. b3 Bb4+ 11. Bd2 Bxd2+ 12. Nxd2 d4 13. e4 Rhe8 14. 0-0 Ng6 15. Re1 Qb5 16. Qe2 Qxe2 17. Rxe2 c5 18. Nc4 Ne5 19. Nxe5 Rxe5 20. f4 Ree8 21. e5 Nd5 22. Bxd5 Rxd5 23. Rae1 Kd7 24. a3 a6 25. a4 a5 26. Kf2 b6 27. Rd2 h6 28. h4 Kc6 29. Kf3 h5 30. Ree2 g6 31. Kf2 Re6 32. Rd1 Re7 1/2-1/2

[Event "GEO-ch (Women) 1st League 78th"]
[Site "Tbilisi"]
[Date "2021.03.23"]
[Round "6"]
[White "Mamardashvili, Ana"]
[Black "Dolakidze, Mariam"]
[Result "0-1"]
[WhiteElo "1416"]
[BlackElo "1416"]
[PlyCount "84"]
[EventDate "2021.03.18"]
[EventType "swiss"]
[EventRounds "9"]
[EventCountry "GEO"]
[SourceTitle "CBM 201 Extra"]
[Source "ChessBase"]
[SourceDate "2021.05.31"]
[SourceVersion "1"]
[SourceVersionDate "2021.05.31"]
[SourceQuality "1"]

1. d4 e6 2. c4 f5 3. Nc3 d5 4. Bf4 c6 5. e3 Bd6 6. Bxd6 Qxd6 7. Nf3 Nf6 8. Be2 0-0 9. 0-0 Bd7 10. c5 Qc7 11. b4 b6 12. a4 a5 13. cxb6 Qxb6 14. b5 cxb5 15. axb5 Ne4 16. Na4 Qb7 17. Qd3 Be8 18. Nc5 Qb6 19. Rfc1 Nd7 20. Nxd7 Bxd7 21. Ne5 Be8 22. Nc6 Nd6 23. Qb3 Rf7 24. Qa4 Rc7 25. h3 h6 26. Rab1 Kh8 27. Qa3 Ne4 28. Qf8+ Kh7 29. Ne7 Nf6 30. Bh5 Rb8 31. Rxc7 Qxc7 32. b6 Qb7 33. Ng8 Nxh5 34. g4 Bg6 35. Qe7 fxg4 36. Rb2 Kxg8 37. Qxe6+ Kh7 38. hxg4 Nf6 39. f4 Re8 40. Qd6 Nxg4 41. Rg2 h5 42. Rc2 Bxc2 0-1

[Event "Gaprindashvili Cup (Women)"]
[Site "Tornelo INT"]
[Date "2020.11.08"]
[Round "1"]
[White "Tereladze, Sopiko"]
[Black "Dolakidze, Mariam"]
[Result "1-0"]
[WhiteElo "2141"]
[BlackElo "1416"]
[PlyCount "83"]
[EventDate "2020.11.08"]
[EventType "swiss (rapid)"]
[EventRounds "9"]
[EventCountry "GEO"]
[SourceTitle "CBM 199 Extra"]
[Source "ChessBase"]
[SourceDate "2021.01.31"]
[SourceVersion "1"]
[SourceVersionDate "2021.01.31"]
[SourceQuality "1"]

1. d4 e6 2. Nf3 f5 3. c4 d5 4. Nc3 c6 5. Bf4 Nf6 6. e3 Bd6 7. Bxd6 Qxd6 8. Bd3 0-0 9. Qc2 Ne4 10. Ne5 Nd7 11. Nxd7 Bxd7 12. f3 Nxc3 13. Qxc3 Be8 14. 0-0-0 b5 15. c5 Qc7 16. Kb1 a5 17. f4 Bd7 18. Qd2 Bc8 19. g4 Ba6 20. Rhg1 b4 21. Rg3 Bxd3+ 22. Qxd3 Rf7 23. Rdg1 Qa7 24. gxf5 exf5 25. Rg5 Raf8 26. h4 Qb7 27. h5 Qc8 28. R1g3 Kh8 29. Qe2 Re8 30. Qd3 Re4 31. Kc2 Qb7 32. Kd2 Qc8 33. Qf1 Re8 34. Qh3 Qd7 35. Rg6 Re6 36. Qh4 Kg8 37. Rxe6 Qxe6 38. Qd8+ Rf8 39. Qxa5 Qe8 40. Qc7 Rf7 41. Qd6 Rf6 42. Qxf6 1-0

[Event "EU-ch Online U14 Girls"]
[Site "Tornelo INT"]
[Date "2020.09.19"]
[Round "5"]
[White "Dolakidze, Mariam"]
[Black "Feng, Jennifer"]
[Result "1-0"]
[WhiteElo "1382"]
[BlackElo "1097"]
[PlyCount "27"]
[EventDate "2020.09.18"]
[EventType "swiss (rapid)"]
[EventRounds "9"]
[EventCountry "NET"]
[SourceTitle "EXT 2023"]
[Source "ChessBase"]
[SourceDate "2022.10.05"]
[SourceVersion "1"]
[SourceVersionDate "2022.10.05"]
[SourceQuality "1"]
[WhiteTeam "Georgia"]
[BlackTeam "Schottland"]
[WhiteTeamCountry "GEO"]
[BlackTeamCountry "SCO"]

1. Nf3 e6 2. g3 d5 3. Bg2 Nf6 4. 0-0 Bd6 5. d4 c5 6. c4 Nc6 7. Nc3 cxd4 8. Nxd4 Nxd4 9. Qxd4 e5 10. Qh4 d4 11. Nb5 Be7 12. Qg5 Nd7 13. Qxg7 Bf6 14. Nd6+ 1-0

[Event "EU-ch Online U14 Girls"]
[Site "Tornelo INT"]
[Date "2020.09.18"]
[Round "1"]
[White "Dolakidze, Mariam"]
[Black "Karmanova, Olga Dm"]
[Result "1-0"]
[WhiteElo "1382"]
[BlackElo "1740"]
[PlyCount "133"]
[EventDate "2020.09.18"]
[EventType "swiss (rapid)"]
[EventRounds "9"]
[EventCountry "NET"]
[SourceTitle "EXT 2023"]
[Source "ChessBase"]
[SourceDate "2022.10.05"]
[SourceVersion "1"]
[SourceVersionDate "2022.10.05"]
[SourceQuality "1"]
[WhiteTeam "Georgia"]
[BlackTeam "Russia"]
[WhiteTeamCountry "GEO"]
[BlackTeamCountry "RUS"]

1. Nf3 c5 2. g3 Nc6 3. d4 cxd4 4. Nxd4 Nf6 5. c4 g6 6. Nc3 Bg7 7. Bg2 0-0 8. 0-0 Qc7 9. Nb3 d6 10. Be3 Ng4 11. Bf4 Bxc3 12. bxc3 Nce5 13. c5 dxc5 14. h3 Nf6 15. Qc1 Nh5 16. Bh6 Re8 17. Qe3 Nd7 18. Rfd1 Ng7 19. Bxg7 Kxg7 20. Rd5 e6 21. Rd2 Rb8 22. Rad1 b6 23. c4 Nf6 24. a4 Bb7 25. a5 Bxg2 26. Kxg2 Red8 27. axb6 axb6 28. Qc3 Rxd2 29. Nxd2 Qc6+ 30. Nf3 Re8 31. Kg1 Qe4 32. Rd2 e5 33. Rb2 h6 34. Kf1 Re6 35. Kg2 Qa8 36. Kh2 e4 37. Ne5 Qe8 38. Ng4 Qe7 39. Ne3 Kh7 40. Qa3 Qd6 41. Qa7 Kg7 42. Qb7 h5 43. h4 Ng4+ 44. Nxg4 hxg4 45. e3 Qd3 46. Rxb6 Rxb6 47. Qxb6 Qxc4 48. Qb2+ Kh7 49. Qf6 Qe6 50. Qc3 c4 51. Kg1 Qd5 52. Kg2 Qe6 53. Kg1 Kg8 54. Qa5 Kf8 55. Qc5+ Ke8 56. Qb5+ Ke7 57. Qc5+ Kd7 58. Qa7+ Kd6 59. Qb6+ Ke5 60. Qd4+ Kf5 61. Qc5+ Kf6 62. Qd4+ Ke7 63. Qa7+ Kf8 64. Qc5+ Kg7 65. Qd4+ Kh7 66. Kg2 Kh6 67. Qh8# 1-0